[Event "Tal Memorial Blitz"]
[Site "Moscow RUS"]
[Date "2008.08.30"]
[Round "21"]
[White "Karjakin,Sergey"]
[Black "Kramnik,V"]
[Result "0-1"]
[WhiteElo "2727"]
[BlackElo "2788"]
[EventDate "2008.08.29"]

1. e4 e5 2. Nf3 Nc6 3. Bb5 Nf6 4. O-O Nxe4 5. d4 Nd6 6. Bxc6 dxc6 7. dxe5
Nf5 8. Qxd8+ Kxd8 9. Nc3 Ke8 10. h3 b6 11. Bf4 Bb4 12. Ne4 Ba6 13. Rfc1 Be2
14. Nh2 Rd8 15. c3 Be7 16. Re1 Bc4 17. g4 Nh4 18. Bg3 Ng6 19. f4 Rd3 20. f5
Bd5 21. Nf1 Nh4 22. Re2 Nf3+ 23. Kf2 Bxe4 24. Rxe4 Ng5 25. Re2 Nxh3+ 26.
Kg2 Ng5 27. Rd2 Rxd2+ 28. Nxd2 h5 29. Rh1 g6 30. Bh4 hxg4 31. f6 Nf3 32.
Nxf3 gxf3+ 33. Kxf3 g5 34. fxe7 gxh4 35. Kg4 Kxe7 36. Kh3 Ke6 37. Rf1 Rh7
38. Re1 c5 39. Re2 b5 40. b3 Kd5 41. Rd2+ Ke6 42. Rd8 Rh5 43. Ra8 Kxe5 44.
Rxa7 Kd6 45. Ra6+ c6 46. Ra7 f5 47. a4 f4 48. Rf7 c4 49. axb5 Ke5 0-1